| 000 | 00854nam a22002177a 4500 | ||
|---|---|---|---|
| 999 |
_c19532 _d19532 |
||
| 003 | AR-CdUCM | ||
| 008 | 190517b ||||| |||| 00| 0 spa d | ||
| 040 |
_aMUNICIPALIDAD PROVINCIAL DEL CUSCO _cBIBLIOTECA MUNICIPAL DEL CUSCO |
||
| 082 |
_a532 / _bR86 |
||
| 100 |
_aRouse, Hunter _940917 |
||
| 245 |
_aHidráulica : _bMecánica elemental de fluídos / |
||
| 260 |
_aBuenos Aires : _bEdit. Dossat, _c1951. |
||
| 300 |
_a337 paginas ; _c25 cm. |
||
| 505 | _aContenido :Introducción al estudio del movimiento de fluidos --Velocidad y aceleración en los fluidos --Variación de presión en una corriente acelerada ... | ||
| 650 |
_aLíquidos _940918 |
||
| 650 |
_aFluidos (Ingeniería hidráulica) _940919 |
||
| 650 |
_aFluidos _918908 |
||
| 700 |
_aSemelas Arroyo, Alfredo (traducción) _940920 |
||
| 942 |
_2ddc _cLIBROS |
||
| 945 |
_arjall _d2019-05-17 |
||